Most Populous Islands of the World - Statistics

General Stats
  • This quiz has been taken 15 times
    10 since last reset
  • The average score is 42 of 200
Answer Stats
Population Country Island % Correct
10,900,000 Cuba Cuba
90%
23,400,000 Haiti/Dom. Rep. Hispaniola
90%
101,300,000 Japan Honshu
90%
33,500,000 Madagascar Madagascar
90%
60,800,000 Indonesia Sumatra
90%
23,900,000 Taiwan Taiwan
90%
4,500,000 Indonesia Bali
80%
67,300,000 United Kingdom Great Britain
80%
5,200,000 Japan Hokkaido
80%
7,200,000 Ireland/UK Ireland
80%
158,000,000 Indonesia Java
80%
8,140,000 USA Long Island
80%
64,300,000 Philippines Luzon
80%
15,200,000 Indon./PNG New Guinea
80%
3,235,000 USA Puerto Rico
80%
4,800,000 Italy Sicily
80%
23,300,000 Sri Lanka Sri Lanka
80%
1,350,000 Cyprus Cyprus
70%
394,000 Iceland Iceland
70%
78,000 UK Isle of Man
70%
2,837,000 Jamaica Jamaica
70%
940,000 Spain Majorca
70%
4,100,000 New Zealand North Island
70%
700,000 New Zealand South Island
70%
1,511,000 Trinidad & Tobago Trinidad
70%
1,250,000 Tanzania Zanzibar
70%
23,700,000 Indon./Malay./Brunei Borneo
60%
330,000 France Corsica
60%
240,000 Greece Crete
60%
860,000 Spain Gran Canaria
60%
10,100,000 China Hainan
60%
470,000 Malta Malta
60%
1,100,000 Mauritius Mauritius
60%
1,600,000 Italy Sardinia
60%
6,000,000 Singapore Singapore
60%
2,410,000 Denmark Zealand
60%
220,000 Barbados Barbados
50%
98,000 Dominica Dominica
50%
12,300,000 Japan Kyushu
50%
1,715,000 USA Manhattan
50%
1,010,000 USA Oahu
50%
180,100 Saint Lucia Saint Lucia
50%
20,600,000 Indonesia Sulawesi
50%
210,000 | 52,000 French Polynesia Tahiti
50%
94,000 Antigua & Barbuda Antigua
40%
4,400,000 Philippines Cebu
40%
159,000 Spain Ibiza
40%
27,400,000 Philippines Mindanao
40%
1,400,000 Canada Montreal
40%
150,000 Thailand Phuket
40%
85,000 St. Kitts & Nevis St. Kitts
40%
45,000 France/Netherlands St. Martin
40%
96,000 St. Vincent & Grenadines St. Vincent
40%
108,000 Netherlands Aruba
30%
97,000 Netherlands Bonaire
30%
185,500 Netherlands Curacao
30%
80,000 Grenada Grenada
30%
373,800 France Guadeloupe
30%
70,000 UK Guernsey
30%
107,000 UK Jersey
30%
95,000 USA Staten Island
30%
104,000 UK Wight
30%
75,000 UK Territory Bermuda
20%
110,000 Greece Corfu
20%
120,000 Spain Fuerteventura
20%
82,000 Greece Lesbos
20%
4,100,000 Indonesia Lombok
20%
60,000 Nauru Nauru
20%
51,000 St. Kitts & Nevis Nevis
20%
870,000 France Reunion
20%
125,000 Greece Rhodes
20%
23,700,000 India Salsette
20%
3,600,000 Japan Shikoku
20%
972,000 Spain Tenerife
20%
2,100,000 Indonesia Timor
20%
52,000 UK Territory Anguilla
10%
1,675,000 Bahrain Bahrain Island
10%
38,000 Italy Capri
10%
50,000 Austrailia Christmas Island
10%
49,000 New Zealand Cook Island
10%
45,000 Chile Easter Island
10%
58,000 Italy Elba
10%
2,000,000 Indonesia Flores
10%
68,000 Sweden Gotland
10%
102,000 Bahamas Grand Bahama
10%
33,000 Grenada Grenadines
10%
62,000 USA Guam
10%
7,500,000 Hong Kong Hong Kong Island
10%
39,000 Greece Hydra
10%
155,000 Spain Lanzarote
10%
340,400 France Martinique
10%
105,000 UK Portsmouth
10%
400,000 Russia Sakhalin
10%
60,000 Vanuatu Santo
10%
83,000 USA US Virgin Islands
10%
875,000 Canada Vancouver Island
10%
430,000 Fiji Viti Levu
10%
51,000 France Wallis
10%
98,000 Micronesia Yap
10%
41,000 Bahamas Abaco
0%
37,000 Greece Aegina
0%
165,000 Indonesia Alor
0%
480,000 Indonesia Ambon
0%
39,000 Bahamas Andros
0%
122,000 Japan Awaji
0%
1,500,000 Indonesia Bangka
0%
460,000 Philippines Basilan
0%
1,000,000 Indonesia Batam
0%
200,000 Indonesia Belitung
0%
34,000 St. Vincent & Gren. Bequia
0%
230,000 Indonesia Biak
0%
330,000 Indonesia Bintan
0%
950,000 Philippines Bohol
0%
50,000 Brazil Boipeba
0%
65,000 Denmark Bornholm
0%
64,000 Turkey Bozcaada
0%
140,000 Indonesia Buru
0%
720,000 Indonesia Buton
0%
33,000 St. Vincent & Gren. Canouan
0%
31,000 Grenada Carriacou
0%
88,000 Philippines Catanduanes
0%
38,000 Bahamas Cat Island
0%
48,000 Cayman Islands Cayman Brac
0%
1,200,000 China Chongming
0%
30,000 Nicaragua Corn Islands
0%
40,000 Mexico Cozumel
0%
100,000 Vanuatu Efate
0%
55,000 Spain El Hierro
0%
40,000 Bahamas Eluethera
0%
37,000 Bahamas Exuma
0%
54,000 Spain Formentera
0%
500,000 Denmark Fyn
0%
41,000 Italy Giglio
0%
55,000 Malta Gozo
0%
150,000 Comoros Grande Comore
0%
46,000 Turks & Caicos Grand Turk
0%
450,000 Indonesia Halmahera
0%
92,000 Italy Ischia
0%
320,000 Saudi Arabia Jidda Island
0%
78,000 USA Kodiak Island
0%
80,000 Thailand Koh Samul
0%
65,000 Marshall Islands Kwajalein
0%
58,000 Greece Kythira
0%
130,000 Indonesia Lembata
0%
75,000 Greece Leros
0%
2,700,000 Philippines Leyte
0%
47,000 Italy Lipari
0%
310,000 Philippines Mactan
0%
4,200,000 Indonesia Madura
0%
72,000 Seychelles Mahe
0%
62,000 Marshall Islands Majuro
0%
76,000 Solomon Islands Malaita
0%
83,000 Tunisia Manouba
0%
44,000 France Marie Galante
0%
250,000 Phillippines Marinduque
0%
750,000 Philippines Masbate
0%
35,000 St. Vincent & Gren. Mayreau
0%
800,000 Philippines Mindoro
0%
350,000 Indonesia Muna
0%
32,000 St. Vincent & Gren. Mustique
0%
4,800,000 Philippines Negros
0%
404,600 Bahamas New Providence
0%
790,000 Indonesia Nias
0%
4,700,000 Philippines Panay
0%
36,000 Greece Patmos
0%
710,000 Malaysia Penang Island
0%
32,000 Grenada Petite Mart.
0%
70,000 Vietnam Phu Quoc
0%
68,000 Micronesia Pohnpei
0%
46,000 Turks & Caicos Providenciales
0%
72,000 French Polynesia Raiatea
0%
42,000 Honduras Roatan
0%
53,000 USA Saipan
0%
1,550,000 Philippines Samar
0%
73,000 Greece Samos
0%
47,000 Colombia San Andres
0%
104,000 Philippines Santa Maria
0%
105,000 Cape Verde Santiago
0%
115,000 Cape Verde Sao Vincente
0%
440,000 Indonesia Seram
0%
135,000 Indonesia Simeulue
0%
101,000 Portugal South Miguel
0%
36,000 Bahamas S. Salvador
0%
44,00 France St. Barths
0%
100,000 | 710,000 Indonesia Sumba
0%
1,150,000 Indonesia Sumbawa
0%
35,000 Greece Symy
0%
90,000 Philippines Tablas
0%
190,000 Austrailia Tansmania
0%
125,000 Indonesia Tarakan
0%
160,000 Indonesia Ternate
0%
102,000 Tonga Tongatapu
0%
48,000 British Virgin Islands Tortola
0%
34,000 St. Vincent & Gren. Union Island
0%
170,000 Samoa Upolu
0%
42,000 USA Vieques
0%
120,000 Indonesia Wakatobi
0%
1,050,000 China Xiamen Island
0%
No matching quizzes found
Score Distribution
Percent of People with Each Score
Percentile by Number Answered
Your Score History
You have not taken this quiz since the last reset